| 000 | 00407nam a2200169Ia 4500 | ||
|---|---|---|---|
| 008 | 230524s9999 xx 000 0 und d | ||
| 020 | _a9780747585893 | ||
| 082 | _bHOS | ||
| 100 | _a"Hosseini, Khaled" | ||
| 245 | 2 | _aA Thousand Splendid Suns | |
| 250 | _a1 | ||
| 260 |
_aLondon _bBloomsbury _c2008 |
||
| 300 | _a419 p. | ||
| 500 | _aQuantity Number: 2 | ||
| 650 |
_aMiscellaneous _91877 |
||
| 942 | _cBK | ||
| 999 |
_c52512 _d52512 |
||